Movies Quiz

Random Movies or Actress Quiz
Score 0/16 Timer 04:00
7 Plays Today
movie % Correct
Russell CroweGladiator (2000)
95.8%
Michael KeatonBirdman (2014)
85%
Russell CroweA Beautiful Mind (2001)
84.2%
Meryl StreepKramer vs. Kramer (1979)
77%
Meryl StreepThe Deer Hunter (1978)
76.2%
Christopher WalkenThe Deer Hunter (1978)
73.3%
Michael KeatonSpotlight (2015)
69.4%
Clark GableIt Happened One Night (1934)
53.4%
movie % Correct
John GoodmanArgo (2012)
52.4%
Michael PeñaCrash (2005)
50.5%
John GoodmanThe Artist (2011)
46.8%
Guy PearceThe Hurt Locker (2009)
43.1%
Guy PearceThe King's Speech (2010)
40.6%
Christopher WalkenAnnie Hall (1977)
40.5%
Clark GableMutiny on the Bounty (1935)
35%
Michael PeñaMillion Dollar Baby (2004)
34.8%
Remove Ads.
Support Sporcle.
Get the best of Sporcle when you Go Orange. This ad-free experience offers more features, more stats, and more fun while also helping to support Sporcle. Thank you for becoming a member.

You're not logged in!

Compare scores with friends on all Sporcle quizzes.
OR
Log In

Show Comments

Extras

Top Quizzes Today


Score Distribution

Your Account Isn't Verified!

In order to create a playlist on Sporcle, you need to verify the email address you used during registration. Go to your Sporcle Settings to finish the process.

Report this User

Report this user for behavior that violates our Community Guidelines.

Details: